| 000 | 00727nas a2200229 4500 | ||
|---|---|---|---|
| 001 | BR2016004114 | ||
| 003 | BR-BrBNA | ||
| 005 | 20231205130629.0 | ||
| 007 | ta | ||
| 008 | 230509b bl.|||p| |||| 00| 00por d | ||
| 040 |
_aBR-BrBNA _bpor _cBiblioteca Nacional de Agricultura |
||
| 041 | _a(PT) | ||
| 072 | _aF70 | ||
| 100 | 1 | _aBastos, C.J.P. | |
| 245 | 1 | _aCheilolejeunea Yanoe C. Bastos (Marchantiophyta, Lejeumeaceae), um novo nome para strepsilejeunea muscicola herzog | |
| 650 | _aESPÉCIE | ||
| 650 | _aTAXONOMIA VEGETAL | ||
| 650 | _aBRIOFITA | ||
| 773 | 0 |
_tPesquisas. Botânica (Brazil) _xISSN 0373-840X _g(2105), no. 67 p. 19-22 _wBR2016004114 |
|
| 909 |
_a202311 _bLúcia _c55 _dLúcia Elande |
||
| 942 |
_2AGRIS _n0 _cANA |
||
| 999 |
_c250435 _d250435 |
||